Missing Word: Best Songs of the '90s Quiz Stats

 Plays Quiz Updated Feb 3, 2018

Challenge
Share
Tweet
Embed
Score 0/20 Timer 03:00
3 Plays Today
Song Word % Correct
______ Like Teen SpiritSmells
97.2%
__ Money __ ProblemsMo
83.9%
____ Got BackBaby
83.3%
Nuthin' but a 'G' _____Thang
78.2%
If It Makes You _____Happy
75.6%
No ______Scrubs
68.5%
No _______Diggity
51.5%
You Get What You ____Give
44.7%
____ ParksRosa
40.7%
______ the WorldAround
37.7%
Song Word % Correct
_____ Playing Tricks on MeMind
35.3%
Self ______Esteem
32.3%
Common _____People
29.7%
Rebel _____Girl
24.2%
____ PartsDoll
20%
Sure ____Shot
17.1%
Are You That ________Somebody
15.7%
____ TrianglePink
12.4%
_____ BagPaper
9.4%
_____ BoxGlory
9.3%

Today's Daily Dose

You're not logged in!

Compare scores with friends on all Sporcle quizzes.
Join for Free
OR
Log In

You Might Also Like...

Show Comments

Extras

Top Quizzes Today


Score Distribution

Your Account Isn't Verified!

In order to create a playlist on Sporcle, you need to verify the email address you used during registration. Go to your Sporcle Settings to finish the process.

Report this User

Report this user for behavior that violates our Community Guidelines.

Details: